[Event "22nd OIBM 2018"]
[Site "Gmund am Tegernsee"]
[Date "2018.10.29"]
[Round "3"]
[White "Hacker, Jonas"]
[Black "Halkias, Stelios"]
[Result "0-1"]
[WhiteElo "2345"]
[BlackElo "2544"]
[Annotator "TA"]
[PlyCount "94"]
[EventDate "2018.10.27"]
[EventType "swiss"]
[EventCountry "GER"]
[SourceTitle "playchess.com"]
[Source "ChessBase"]
[SourceQuality "1"]

{[%evp 21,94,27,32,18,23,2,12,0,11,0,0,-2,0,0,0,0,0,-12,-16,-25,-24,-25,-6,-20,-17,-19,-13,-35,-19,-19,-13,-29,-29,-46,-45,-47,-47,-47,-47,-48,-55,-135,-135,-135,-135,-130,-108,-137,-109,-110,-106,-135,-133,-167,-156,-186,-212,-178,-141,-253,-258,-433,-431,-393,-407,-456,-418,-422,-435,-415,-407,-547,-516,-671,-533]} 1. e4 c6 2. d4 d5 3. Nd2 dxe4 4. Nxe4 Nf6 5. Nxf6+ exf6 6. c3 Bd6 7. Bd3 O-O 8. Qc2 Re8+ {B15: Caro-Kann: 3 Nc3: 3...g6 and 3...dxe4 4 Nxe4 Nf6 5 Nxf6+ exf6} 9. Ne2 h5 10. O-O (10. Be3 Nd7 11. O-O-O Nf8 12. c4 Be6 13. Nc3 Bb4 14. Ne4 Qa5 15. a3 Be7 16. Rhe1 f5 {½-½ (55) Savchenko,B (2562)-Artemiev,V (2706) Sochi 2018}) 10... h4 11. h3 Nd7 {LiveBook: 13 Games} 12. Bf4 Nf8 {White should prevent ...Rxe2!} 13. Bxd6 $146 ({Predecessor:} 13. Qd2 Ng6 14. Bxd6 Qxd6 15. Rfe1 Bd7 16. Rad1 {½-½ (87) Khodashenas,M (2452)-Annaberdiyev,B (2214) Mersin 2018}) 13... Qxd6 14. Qd2 Bd7 15. Qf4 Qxf4 16. Nxf4 g6 17. Rfe1 Kg7 18. Rxe8 Rxe8 19. Kf1 Ne6 20. Ne2 a5 21. Rd1 Rd8 22. Bc2 Bc8 23. Bb3 b6 {[%cal Bb7b6,Bb6b5][%mdl 32]} 24. Bc4 b5 25. Bd3 a4 26. a3 f5 27. Bc2 Kf6 28. f3 Nc7 29. Kf2 Be6 30. Nf4 Bc4 31. Bd3 ({Better is} 31. Rc1 $15) 31... g5 $17 32. Ne2 Nd5 33. Nc1 Re8 34. Rd2 Nf4 35. Bc2 {[#]} Rd8 $1 36. Bd3 {[#]} c5 $1 {[%mdl 512]} 37. Bxc4 (37. dxc5 Nxd3+) 37... bxc4 {[%mdl 4096] Endgame KRN-KRN} 38. Ke1 cxd4 39. cxd4 Rb8 40. Kf2 (40. Kd1 $17 {was necessary.}) 40... Ke6 $19 41. Ke3 $2 (41. g3 hxg3+ 42. Kxg3) 41... Kd5 42. Kf2 Rb6 43. Kf1 c3 44. bxc3 Rb1 45. Rd1 {If White can now play Re1 this consolidates a bit.} Kc4 46. d5 Nxd5 47. Kf2 {intending Rd4+.} Rb2+ {Precision: White = 32%, Black = 90%.} 0-1

[Event "22nd OIBM 2018"]
[Site "Gmund am Tegernsee"]
[Date "2018.10.29"]
[Round "3"]
[White "Fischer, Daniel"]
[Black "Yi, Danny"]
[Result "1-0"]
[WhiteElo "2336"]
[BlackElo "2092"]
[Annotator "TA"]
[PlyCount "53"]
[EventDate "2018.10.27"]
[EventType "swiss"]
[EventCountry "GER"]
[SourceTitle "playchess.com"]
[Source "ChessBase"]
[SourceQuality "1"]

{[%evp 26,53,62,44,44,45,47,35,47,23,65,35,115,9,167,158,165,72,54,62,117,39,370,336,482,484,476,460,723,697]} 1. e4 e5 2. Nf3 Nc6 3. Bc4 Bc5 4. c3 Nf6 5. d3 d6 6. Bb3 h6 7. Nbd2 {[%cal Bb1d2,Bd2f1,Bf1g3,Bg3h5][%mdl 32]} a6 8. O-O O-O 9. h3 Ba7 10. Re1 Ne7 11. Nf1 Ng6 12. Ng3 Nh7 {C54: Giuoco Piano: 4 c3 Nf6, main lines with 5 d4 and 5 d3} (12... Re8 13. d4 b5 14. Bc2 Bb7 15. a4 exd4 16. cxd4 c5 17. d5 c4 18. Nf5 b4 19. Bd2 Ne7 20. Ne3 b3 21. Bb1 Rc8 22. Bc3 Ng6 23. Nd2 {1-0 (74) Vocaturo,D (2616)-Gozzoli,Y (2598) Le Castella 2018}) 13. d4 Qf6 14. Nh5 {LiveBook: 3 Games} Qe7 {White is slightly better.} 15. Be3 Ng5 16. Bc2 c6 $146 ({Predecessor:} 16... Bd7 17. Ng3 Qf6 18. Nf5 Nxf3+ 19. Qxf3 Kh8 20. Rad1 Be6 21. Qh5 Rfe8 22. Bb1 Nf8 23. Kh2 Nh7 24. Ng3 Nf8 25. Nf5 Nh7 26. Ng3 Nf8 27. Nf5 {½-½ (27) Ledger,D (2271)-Howell,D (2211) Torquay 2002}) 17. a4 {[%cal Ba2a4,Ba4a5][%mdl 32]} Be6 18. a5 Rad8 ({Better is} 18... Nxf3+ $14 19. Qxf3 exd4 20. cxd4 Rae8) 19. Qe2 (19. Nxg5 $16 hxg5 20. Ng3) 19... f5 $2 {[#]} (19... Nxf3+ $11 20. Qxf3 d5) 20. Nxg5 $1 $18 hxg5 21. dxe5 (21. exf5 $18 Bxf5 22. Bxf5 Rxf5 23. Qc2) 21... Bxe3 $16 22. exd6 (22. Qxe3 $2 f4 $19) 22... Qxd6 (22... Rxd6 $14 23. exf5 (23. fxe3 fxe4 24. Ng3 g4 $11) (23. Qxe3 f4 $15) 23... Ba7) 23. fxe3 ({White should try} 23. exf5 $16 Bxf5 24. Bxf5 (24. fxe3 Bxc2 25. Qxc2 Qe6 $14) 24... Rxf5 25. Qxe3) 23... f4 $2 {[%mdl 8192] [#]} (23... fxe4 $14 24. Red1 Qe7) 24. e5 $1 $18 {[%cal Re5d6][%mdl 512]} Nxe5 (24... Qxe5 $142 25. Bxg6 Rd6) 25. exf4 {White is clearly winning.} Qc5+ 26. Kh1 Rd5 (26... gxf4 $142 27. Qxe5 Qxe5 28. Rxe5 Rd2) 27. Bb3 {Precision: White = 29%, Black = 15%.} 1-0

[Event "22nd OIBM 2018"]
[Site "Gmund am Tegernsee"]
[Date "2018.10.29"]
[Round "3"]
[White "Hess, Max"]
[Black "Stefansson, Hannes"]
[Result "0-1"]
[WhiteElo "2326"]
[BlackElo "2502"]
[Annotator "TA"]
[PlyCount "54"]
[EventDate "2018.10.27"]
[EventType "swiss"]
[EventCountry "GER"]
[SourceTitle "playchess.com"]
[Source "ChessBase"]
[SourceQuality "1"]

{[%evp 13,54,14,29,43,34,20,17,6,10,0,9,-10,-8,-23,-14,-39,-13,-42,-19,-34,-34,-38,-35,-35,-24,-47,-39,-36,-33,-78,-51,-96,-98,-169,-120,-348,-150,-329,-268,-268,-259,-668,-632]} 1. d4 Nf6 2. c4 e6 3. Nc3 Bb4 4. e3 d5 5. cxd5 exd5 6. Bd3 {E40: Nimzo-Indian: Rubinstein (4 e3): Unusual Black 4th moves} c5 7. a3 cxd4 {LiveBook: 3 Games} 8. axb4 {White has an edge.} dxc3 9. bxc3 $146 ({Predecessor:} 9. Ne2 Nc6 10. b5 Nb4 11. Nxc3 Nxd3+ 12. Qxd3 O-O 13. O-O Be6 14. Ne2 Qc7 15. b3 Rfc8 16. h3 Qe5 17. Qd4 Qxd4 18. Nxd4 Bd7 19. Bb2 Ne8 20. Rfc1 Rxc1+ 21. Rxc1 Rc8 {½-½ (36) Fier,A (2628)-Gharamian,T (2649) Biel 2015}) 9... O-O 10. Nf3 Bg4 11. O-O Qc7 12. Qb3 Bxf3 13. gxf3 Nbd7 14. Rd1 Rfc8 15. Bf5 (15. Be2 {is interesting.} a6 16. Bb2 b5 17. Bf1 Ne5 18. Bg2) 15... Rd8 (15... Ne5 {keeps more tension.} 16. Kg2 Re8 17. Qc2 a6 18. Rd4 g6) 16. f4 Nb6 17. Rd4 a6 18. Bd3 Rdc8 19. Bb2 Nc4 20. Bxc4 dxc4 21. Qa4 h6 22. Qa5 b6 23. Qe5 (23. Qa4 $17) 23... Qb7 $36 {[%mdl 2048] Black is on the roll.} 24. Rad1 $2 {[#]} (24. f5 $17) 24... Qf3 (24... Re8 $19 {has better winning chances.} 25. Qf5 Qf3) 25. Qf5 $2 (25. f5 $17) 25... Ng4 26. R1d2 Qh3 27. Qe4 $2 (27. f3 Qxf3 28. Qe4 Qxe3+ 29. Qxe3 Nxe3 30. Kf2) 27... Nxh2 {Precision: White = 14%, Black = 49%.} 0-1

[Event "22nd OIBM 2018"]
[Site "Gmund am Tegernsee"]
[Date "2018.10.29"]
[Round "3"]
[White "Wacker, Peter"]
[Black "Jarmula, Lukasz"]
[Result "0-1"]
[WhiteElo "2313"]
[BlackElo "2492"]
[Annotator "TA"]
[PlyCount "60"]
[EventDate "2018.10.27"]
[EventType "swiss"]
[EventCountry "GER"]
[SourceTitle "playchess.com"]
[Source "ChessBase"]
[SourceQuality "1"]

{[%evp 14,60,0,2,40,12,65,2,36,23,53,60,83,22,60,-12,-18,-33,-33,-38,-43,-33,-48,-41,-26,-36,-42,-100,-99,-124,-86,-119,-106,-133,-15,-32,-15,-61,0,-97,-104,-218,-216,-517,-502,-805,-760,-666,19]} 1. c4 e5 2. Nc3 Nf6 3. Nf3 Nc6 4. g3 d5 5. cxd5 Nxd5 6. Bg2 Nb6 7. O-O Be7 8. d3 g5 {A29: English Opening: Four Knights Variation with 4 g3} (8... O-O 9. Be3 Be6 10. Rc1 Nd5 11. Nxd5 Bxd5 12. Qc2 Re8 13. a3 a6 14. Rfd1 Bf6 15. Nd2 Bxg2 16. Kxg2 Bg5 17. Bxg5 Qxg5 18. e3 {1-0 (57) So,W (2778)-Giri,A (2782) Leuven 2018}) 9. a3 a5 (9... g4 $11 10. Nh4 Be6) 10. Na4 $146 (10. Be3 $14) ({Predecessor:} 10. b3 g4 11. Nd2 h5 12. Nc4 Be6 13. Bb2 h4 14. Bxc6+ bxc6 15. Nxe5 hxg3 16. hxg3 {½-½ (38) Arvelo Leo,G (2132)-Lorenzo De Los Santos,L (2089) Santo Domingo 2016}) 10... g4 {The position is equal.} 11. Nd2 Nxa4 12. Qxa4 Bd7 13. Qd1 ({White should try} 13. Bxc6 $16 bxc6 14. f4) 13... Be6 14. b3 (14. Bxc6+ $14 bxc6 15. Qc2) 14... Bd5 $11 15. Bb2 Bxg2 16. Kxg2 Qd5+ 17. Kg1 h5 18. Qc2 h4 {Strongly threatening ...hxg3.} 19. Qc4 Qd7 20. Rfc1 (20. b4 $15) 20... hxg3 $17 21. hxg3 Qf5 $40 {[%mdl 128] White is in trouble.} 22. Qe4 Qh5 23. Nf1 {White wants to play Rxc6.} Rd8 (23... f5 $17 24. Qg2 Rh6) 24. Qg2 Rh7 25. Rc4 Rd6 (25... Kd7 $15 26. Ne3 f5 27. Rxc6 bxc6 28. Bxe5 Bd6) 26. Rac1 (26. b4 $1 $11) 26... Rdh6 27. a4 {[#]} (27. b4 $17) 27... Qg6 $1 $19 28. d4 $2 (28. f4 gxf3 29. Qxf3) 28... exd4 {Black is clearly winning.} 29. Bxd4 (29. Qd5 $142 Kf8 30. Kg2) 29... Nxd4 30. Rxd4 {[#]} Rh1+ $1 {[%mdl 33280] Precision: White = 11%, Black = 34%. . Loss on Time!?} 0-1

[Event "22nd OIBM 2018"]
[Site "Gmund am Tegernsee"]
[Date "2018.10.29"]
[Round "3"]
[White "Rietze, Clemens"]
[Black "Gohla, Ulf"]
[Result "1/2-1/2"]
[WhiteElo "2293"]
[BlackElo "2158"]
[Annotator "TA"]
[PlyCount "53"]
[EventDate "2018.10.27"]
[EventType "swiss"]
[EventCountry "GER"]
[SourceTitle "playchess.com"]
[Source "ChessBase"]
[SourceQuality "1"]

{[%evp 14,53,36,22,63,63,68,55,76,69,63,55,90,40,49,13,0,0,0,0,0,-45,-51,-71,-53,-47,-44,-82,6,25,64,-34,-42,-54,-46,-75,-83,-35,-57,-135,-135,-172]} 1. d4 Nf6 2. c4 e6 3. Nc3 Bb4 4. e3 O-O 5. Nge2 Re8 6. a3 Bf8 7. Ng3 d6 {E46: Nimzo-Indian: Rubinstein: 4 e3 0-0 5 Ne2 without early Bd3} (7... d5 8. Be2 b6 9. cxd5 exd5 10. O-O Bb7 11. b4 Nbd7 12. Qb3 c6 13. Bf3 a5 14. b5 c5 15. Nxd5 a4 {½-½ (53) Shankland,S (2671)-Ding,L (2778) Liaocheng 2018}) 8. Bd3 {LiveBook: 4 Games} e5 9. d5 a5 {White is slightly better.} 10. O-O Na6 11. Bc2 $146 ({Predecessor:} 11. Bd2 Bg4 12. f3 Bd7 13. Qe2 Nc5 14. Bc2 a4 15. Rae1 {0-1 (55) Read,R-Bono,G Chicago 1994}) 11... g6 12. e4 h5 13. Bg5 {aiming for Ba4.} Be7 $1 14. Ba4 Bd7 15. Be3 Bxa4 16. Qxa4 Ng4 17. Qxa5 Nxe3 18. fxe3 Nc5 19. Qb4 h4 {[%mdl 1024] Black has compensation.} 20. Nh1 Qd7 (20... Bg5 $17 21. Rf3 Ra6) 21. Nf2 $11 Ra6 22. a4 (22. Ncd1 $14) 22... Bg5 $36 {[%mdl 2048] Black fights for an advantage.} 23. Rfe1 Rea8 24. b3 {[#]} Rb6 $1 {[%cal Rb6b4]} 25. Nb5 c6 $1 26. a5 (26. Qc3 $15) 26... Rba6 $17 27. Nc3 {Precision: White = 44%, Black = 59%.} 1/2-1/2

[Event "22nd OIBM 2018"]
[Site "Gmund am Tegernsee"]
[Date "2018.10.29"]
[Round "3"]
[White "Imnadze, Nato"]
[Black "Proschmann, Tino"]
[Result "1-0"]
[WhiteElo "2291"]
[BlackElo "2091"]
[Annotator "TA"]
[PlyCount "118"]
[EventDate "2018.10.27"]
[EventType "swiss"]
[EventCountry "GER"]
[SourceTitle "playchess.com"]
[Source "ChessBase"]
[SourceQuality "1"]

{[%evp 18,118,23,32,74,62,107,107,110,108,114,112,135,128,152,149,166,175,191,183,208,194,194,187,196,197,173,132,139,141,150,148,131,60,116,62,66,55,291,277,273,268,298,314,314,295,450,449,456,325,305,186,197,193,260,262,260,255,237,201,227,148,223,207,214,210,156,215,201,148,131,174,153,173,885,877,829,783,941,931,786,763,29968,752,6254,6152,4133,2068,4133,2240,11506,6223,5716,5554,29975,29976,29975,29972,29971,29968,4606,2562,29978]} 1. e4 c5 2. Nf3 Nc6 3. d4 cxd4 4. Nxd4 e6 5. Nc3 Qc7 6. g3 a6 7. Bg2 Nf6 8. O-O h5 {B47: Sicilian: Taimanov: 5 Nc3 Qc7 6 f4, 6 g3 and 6 Be2} (8... Be7 9. Re1 O-O 10. Nxc6 dxc6 11. e5 Rd8 12. Qe2 Nd5 {½-½ (12) Mamedov,R (2708)-Andreikin,D (2702) Minsk 2018}) 9. Nf3 Bc5 10. Bf4 {LiveBook: 4 Games} e5 $146 {White is slightly better.} ({Predecessor:} 10... d6 11. Qe2 Ng4 12. a4 Bd7 13. Nb1 Nd4 14. Nxd4 Bxd4 15. c3 Ba7 16. h3 {½-½ (52) Abdusattorov,N (2518)-Fenil,S (2346) Reykjavik 2018}) 11. Bg5 d6 12. Bxf6 gxf6 13. Nd5 Qd8 14. c3 Be6 15. Nh4 Bxd5 16. Qxd5 Qd7 17. b4 Bb6 18. Nf5 Bc7 19. Bh3 {And now Ng7+ would win.} Kf8 20. Rad1 Rd8 21. Kg2 $1 Bb8 22. f4 Ne7 23. Nxe7 Qxe7 24. fxe5 Qxe5 25. Qd3 ({Better is} 25. Qxe5 $16 fxe5 26. Be6) 25... Re8 (25... Qe7 $14) 26. Rde1 ({White should play} 26. Rf4 $16) 26... h4 $14 27. Rf5 $36 {[%mdl 2048] White has good play.} Qe6 $2 {[#]} (27... Qe7 $14) 28. Rh5 $1 $18 {[%cal Rh5h8][%mdl 512]} Rxh5 29. Bxe6 fxe6 30. Qf3 Rh6 31. e5 d5 (31... hxg3 {was necessary.} 32. hxg3 dxe5 33. Qxb7 f5) 32. c4 dxc4 33. Qe3 Rg6 34. Rf1 f5 35. Qc5+ Kg7 (35... Kg8 $142 36. Qxc4 hxg3) 36. Rf4 hxg3 37. hxg3 Kf7 38. Rd4 {[%mdl 1024] White has strong compensation.} (38. Rxc4 $6 Reg8 $16) 38... Re7 39. Rd8 ({But not} 39. Rxc4 $6 Rc7 $16) 39... Bc7 (39... b6 $16 40. Qc8 Bxe5) 40. Rh8 {Rh7+ is the strong threat.} Rg7 41. Rh6 b6 {[#]} 42. Rf6+ $1 ({Don't play} 42. Qxc4 $6 Bxe5 43. Rh3 Rc7 $11) 42... Kg8 43. Qd4 ({Don't do} 43. Qxc4 $6 Rxg3+ 44. Kxg3 Bxe5+ 45. Kf3 Bxf6 $16) 43... Rg4 44. Qe3 Reg7 45. Rxe6 f4 $2 (45... Kf7 46. Rc6 Kf8 47. Rxc7 Rxc7) 46. Qe4 Rxg3+ 47. Kf2 Rg2+ 48. Qxg2 Rxg2+ 49. Kxg2 {[%mdl 4096] Endgame KR-KB} c3 50. Kf3 (50. Re7 $142 Bxe5 51. Rxe5 Kf7 52. Kf3 Kf6 53. Kxf4 Kf7 54. Re3 c2 55. Rc3) 50... Kf7 51. Rf6+ Ke7 52. Ke4 Kd7 53. Rxf4 c2 54. Rf7+ Kc6 55. Rf1 Kb5 56. Rc1 Kxb4 57. Rxc2 Bd8 58. e6 a5 59. Rb2+ Ka3 {Precision: White = 80%, Black = 32%.} 1-0

[Event "22nd OIBM 2018"]
[Site "Gmund am Tegernsee"]
[Date "2018.10.29"]
[Round "3"]
[White "Bussard, Christian"]
[Black "Valette, Christian"]
[Result "1/2-1/2"]
[WhiteElo "2283"]
[BlackElo "2016"]
[Annotator "TA"]
[PlyCount "139"]
[EventDate "2018.10.27"]
[EventType "swiss"]
[EventCountry "GER"]
[SourceTitle "playchess.com"]
[Source "ChessBase"]
[SourceQuality "1"]

{[%evp 9,139,25,36,35,43,34,56,29,36,38,54,46,44,-32,7,0,4,0,20,-91,-90,-113,-122,-116,-91,-143,-5,0,-18,-158,-130,-145,-51,-37,-47,-89,22,40,56,0,37,-21,-24,-86,0,0,0,-91,0,0,0,0,0,0,259,291,277,269,224,124,406,412,408,403,386,395,395,385,377,358,321,229,208,-198,-193,-191,-191,-191,-194,-204,-191,-196,-160,-213,-206,-232,-216,-262,-254,-277,-252,-296,-302,-312,-305,-378,-374,-377,-376,-387,-377,-329,-291,-287,-288,-304,-200,-183,-158,-418,-403,-369,-81,-81,-20,-20,-20,-20,-20,-26,-22,-22,-20,-20,-20,-24,-20,-25,4129,-20,-14,-24]} 1. d4 e6 2. Bf4 f5 3. Nf3 Nf6 4. e3 d6 (4... b6 5. Be2 Be7 6. h3 Bb7 7. O-O O-O 8. c4 Ne4 9. Nbd2 Bf6 10. Nxe4 fxe4 11. Nd2 Bxd4 12. Qc2 Na6 {1-0 (44) Skoberne,J (2563)-Cheparinov,I (2693) Batumi 2018}) 5. Nbd2 Nc6 6. c3 {A80: Dutch Defence: Unusual White second moves} Be7 7. h3 a6 $146 ({Predecessor:} 7... a5 8. Qc2 O-O 9. g4 Nd5 10. Bd3 Rb8 11. gxf5 Nxf4 12. exf4 exf5 13. d5 {½-½ (58) Giannatos,P (2284)-Stremavicius,T (2468) Forth Worth 2017}) 8. a4 {White is slightly better.} O-O 9. Qc2 Qe8 10. Bc4 Kh8 11. g4 (11. Bd3 $14) 11... Bd7 (11... Ne4 $5) 12. Bd3 Nd5 {Black wants to play ...e5!} (12... fxg4 $2 13. hxg4 h6 14. g5 $18) 13. Bh2 g6 14. O-O-O (14. a5 $11) 14... b5 15. e4 fxe4 16. Bxe4 Nf4 17. h4 (17. Bxf4 $142 Rxf4 18. d5 exd5 19. Bxd5) 17... b4 ({Better is} 17... d5 $17 18. Bd3 e5 19. Bxf4 Rxf4 20. Nxe5 Nxe5 21. dxe5 Bxg4) 18. h5 $1 $11 g5 {And now ...bxc3 would win.} 19. c4 ({Much weaker is} 19. Bxh7 bxc3 20. bxc3 Ne2+ 21. Kb2 Na5 $19) (19. Rde1 $1 $11) 19... b3 $17 20. Qxb3 Rb8 (20... Ne2+ $17 21. Kb1 Nexd4) 21. Qe3 $15 Nb4 22. Bxf4 gxf4 ({Black should try} 22... Rxf4 $17 23. b3 Qf7) 23. Qa3 $1 $11 d5 24. Bb1 (24. Bg6 $1 $14 hxg6 25. hxg6+ Kg7 26. Ne5) 24... Bxa4 25. c5 (25. Rde1 $14 dxc4 26. Nxc4) 25... Bxd1 26. Rxd1 Bf6 (26... Rg8 $1 $17 {[%cal Rg8g4]} 27. Ne5 Bh4) 27. g5 Bd8 28. g6 (28. Rg1 $11 {keeps the balance.}) 28... h6 (28... Bf6 $17 29. Rg1 Qe7) 29. g7+ Kxg7 30. Rg1+ Kh8 {Threatens to win with ...Rg8.} 31. Ne5 Rg8 $2 {[%mdl 8192]} (31... Bf6 $11 32. Ng6+ Kg8) 32. Ng6+ $18 Rxg6 33. Rxg6 Bg5 {[#]} 34. Qh3 {[#]} (34. Qa5 $1 $18 {[%cal Ra5c7]} Rb7 35. Nf3) 34... Qb5 $2 {[%mdl 8192]} (34... f3 $1 $16 {[%mdl 512]}) 35. Qxe6 {White threatens Qe5+ and mate.} Re8 36. Rxh6+ Bxh6 37. Qxh6+ Kg8 {[%cal Re8e1]} 38. Bh7+ Kf7 {[%cal Re8e1]} 39. Bg6+ Ke7 40. Qg5+ ({Not} 40. Qxf4 Nd3+ 41. Bxd3 Qxd3 $16) 40... Kd7 {[%cal Re8e1]} 41. Bf5+ $4 {[%mdl 8192]} (41. Bxe8+ $18 Kxe8 42. Qf5) 41... Kc6 $19 {[%cal Re8e1]} 42. Qg6+ Kb7 {[%cal Re8e1]} 43. c6+ Qxc6+ 44. Qxc6+ Nxc6 {[%mdl 4096] Endgame KRN-KBN} 45. Nf3 Rh8 46. Bg6 (46. Bg4 $17 {keeps fighting.}) 46... Kc8 47. Kd2 Kd8 48. Ng5 Ke7 49. Kd3 Nd8 50. Kc3 Kf6 51. Nf3 Nc6 52. Ne1 Ne7 53. Bd3 Rxh5 54. Bxa6 Rh1 55. Nd3 Ra1 56. Nc5 Nf5 57. Bb5 Nd6 58. Bc6 Rf1 {Hoping for ...Ne4+!} 59. Nd3 $2 (59. Bxd5 $17 Rxf2 60. Nd3 Nb5+ 61. Kb4) 59... Ne4+ 60. Kc2 Nxf2 $2 (60... Kf5 $19 {has better winning chances.} 61. Bxd5 Nxf2) 61. Nxf4 $17 Kf5 (61... Ke7 $17 {White must now prevent ...Kd6.} 62. Nxd5+ Kd6) 62. Nxd5 $11 {Strongly threatening Ne3+.} Ke4 63. Nxc7+ Kxd4 {next ...Nd3 is good for Black.} 64. b4 Ng4 65. Kb3 Ne5 66. Ne6+ Ke3 67. Be8 Rf6 68. Nc7 Nc6 $2 {[%mdl 8192]} (68... Kd4 $11) 69. Nb5 $2 (69. Nd5+ $18 Kd4 70. Nxf6) 69... Nd4+ 70. Ka3 {Precision: White = 39%, Black = 42%.} 1/2-1/2

[Event "22nd OIBM 2018"]
[Site "Gmund am Tegernsee"]
[Date "2018.10.29"]
[Round "3"]
[White "Maier, Alexander"]
[Black "Hallmann, Norbert"]
[Result "1-0"]
[WhiteElo "2275"]
[BlackElo "2088"]
[Annotator "TA"]
[PlyCount "61"]
[EventDate "2018.10.27"]
[EventType "swiss"]
[EventCountry "GER"]
[SourceTitle "playchess.com"]
[Source "ChessBase"]
[SourceQuality "1"]

{[%evp 9,61,78,78,62,74,67,85,86,98,23,108,87,121,90,102,107,207,128,193,200,194,161,249,222,215,229,278,242,337,339,397,404,777,779,714,575,629,600,1097,1086,1248,1147,1370,1268,1191,1112,2237,1379,29977,1189,29994,29995,29995,29996]} 1. e4 Nc6 2. Nc3 e6 3. d4 d5 4. Nf3 dxe4 5. Nxe4 Be7 {LiveBook: 3 Games} 6. Bb5 {C10: French with 3 Nc3: Unusual Black 3rd moves and 3...dxe4} (6. c3 Nf6 7. Bd3 Nd5 8. O-O O-O 9. Re1 b6 10. Neg5 g6 11. Qe2 Bf6 12. Qe4 h6 13. Nxf7 Rxf7 14. Qxg6+ Rg7 15. Qe4 {1-0 (46) Mantovanelli,M (2596)-Werner,G (2403) ICCF email 2009}) 6... Qd5 7. Qe2 Nf6 $146 ({Predecessor:} 7... a6 8. c4 Qd8 9. Bxc6+ bxc6 10. O-O Nf6 11. Bg5 O-O 12. Nxf6+ Bxf6 13. Bxf6 Qxf6 {1-0 (37) Arnott,J (2164)-Gardiner,E England 2014}) 8. Nxf6+ {White is better.} Bxf6 9. Bf4 (9. c3 $16) 9... O-O (9... Bd7 $11 {remains equal.}) 10. c3 $16 a6 11. Bc4 Qd7 12. Bd3 b6 (12... Be7 $16) 13. O-O-O Bb7 {[#]} (13... Ne7 $16) 14. h4 $1 $18 {[%cal Bh2h4,Bh4h5][%mdl 32]} Ne7 15. Ng5 $40 {[%mdl 128] White goes for the king.} g6 {[#]} (15... Nf5 $142) 16. h5 $1 {Hoping for Nxh7!} Bxg5 17. Bxg5 f6 18. hxg6 hxg6 19. Bd2 Nf5 20. Rh2 Qd6 (20... Rf7 $142 21. g4 (21. Rdh1 Rg7 $18) 21... Ne7) 21. Rdh1 Kf7 22. Rh7+ Ke8 23. Qg4 Rg8 24. Re1 Kd8 25. Bf4 Qc6 26. Bxc7+ Kc8 27. Be4 Qa4 28. Bxb6 Ng7 29. Qxg6 (29. Bxb7+ $142 Kxb7 30. Rxe6 Rac8 31. Qf3+ Rc6 32. Bc5 Qb5 33. Re7+ Ka8 34. Ra7+ Kb8 35. Qf4+ Kc8 36. Ra8+ Kd7 37. Rxg8) 29... Qxa2 30. Qf7 {[%csl Ge4][%cal Rf7b7]} Qa1+ 31. Bb1 {Precision: White = 63%, Black = 19%.} 1-0

[Event "22nd OIBM 2018"]
[Site "Gmund am Tegernsee"]
[Date "2018.10.29"]
[Round "3"]
[White "Lipok, Christoph"]
[Black "Walter, Thomas"]
[Result "1-0"]
[WhiteElo "2271"]
[BlackElo "2084"]
[Annotator "TA"]
[PlyCount "55"]
[EventDate "2018.10.27"]
[EventType "swiss"]
[EventCountry "GER"]
[SourceTitle "playchess.com"]
[Source "ChessBase"]
[SourceQuality "1"]

{[%evp 18,55,83,73,114,106,115,100,184,182,195,188,194,173,243,237,267,250,234,250,355,328,333,292,375,360,457,434,677,628,608,653,764,714,1198,1176,2573,2450,2692,2565]} 1. d4 Nf6 2. c4 c5 3. d5 e6 4. Nc3 exd5 5. cxd5 d6 6. g3 g6 7. Bg2 Bg7 8. Nf3 O-O 9. O-O Bg4 10. Nd2 {LiveBook: 26 Games} Re8 {A62: Modern Benoni: Fianchetto Variation without early ...Nbd7} (10... Qd7 11. a4 Bh3 12. Nc4 Bxg2 13. Kxg2 Qe7 14. f3 Na6 15. Bf4 Rfd8 16. e4 Nh5 17. Be3 Nc7 18. g4 {½-½ (49) Debarshi,M (2303)-Deepan Chakkravarthy,J (2516) Bhubaneswar 2018}) 11. h3 Bf5 $146 ({Predecessor:} 11... Bd7 12. Nc4 Bf8 13. a4 Na6 14. e4 Nb4 15. f4 a6 16. e5 b5 17. axb5 Bxb5 18. Nxb5 axb5 19. Rxa8 Qxa8 {1-0 (38) Vasilevich,T (2399)-Gunina,V (2411) Dagomys 2009}) 12. e4 Bd7 (12... Bc8 $16) 13. Nc4 $18 Bf8 {With the idea ...b5.} 14. a4 Na6 15. Bf4 $36 {[%mdl 2048] White is in control.} Nh5 (15... Nb4 {was worth a try.} 16. Re1 (16. Nxd6 Bxd6 17. Bxd6 Bxh3 $16) (16. Bxd6 Bxh3 17. Bxh3 Bxd6 $16) 16... Qc7) 16. Bxd6 Bxh3 17. Bxf8 ({Don't take} 17. Bxh3 $6 Bxd6 18. Nb5 Be5 $18) 17... Bxg2 18. Kxg2 Kxf8 (18... Rxf8 {was necessary.} 19. e5 Nb4) 19. Qd2 Nb4 20. Rad1 Qf6 21. Rfe1 Rad8 22. e5 {[%cal Be4e5,Be5d6,Bd6d7][%mdl 32] White is clearly winning.} Qf5 (22... Qg7 $142 23. d6 Kg8) 23. Nd6 Rxd6 24. exd6 Rxe1 25. Rxe1 {aiming for Qh6+.} ({Not} 25. Qxe1 Nf6 $16) 25... Nc2 {[#]} 26. Qxc2 $1 {[%mdl 512]} Nf4+ (26... Qxc2 27. d7) 27. gxf4 {White threatens Qxf5 and mate.} Qxc2 28. d7 {Precision: White = 79%, Black = 19%.} 1-0